[Event "FIDE Candidates 2026"]
[Site "Pegeia, Cyprus"]
[Date "2026.04.15"]
[Round "14.1"]
[White "Esipenko, Andrey"]
[Black "Caruana, Fabiano"]
[Result "0-1"]
[WhiteElo "2698"]
[BlackElo "2795"]
[Annotator "Crowther,Mark"]
[PlyCount "80"]
[EventDate "2026.??.??"]

{[%evp 0,80,28,18,72,50,79,48,89,42,48,40,68,33,71,57,49,55,41,9,8,-20,-7,-50,6,2,9,-16,94,94,83,53,108,60,91,79,118,104,122,71,55,4,64,15,60,-45,9,-17,-17,8,3,-60,-60,-210,-143,-143,-71,-73,-68,-139,-139,-139,-115,-151,-147,-209,-137,-290,-295,-375,-375,-377,-371,-371,-371,-393,-331,-338,-337,-1054,-1145,-1147,-1162]} 1. e4 c5 2. Nf3 d6 3. d4 cxd4 4. Nxd4 Nf6 5. Nc3 a6 6. Qd3 g6 7. Bg5 Bg7 8. O-O-O O-O ({RR} 8... Nc6 9. Nxc6 bxc6 10. e5 Bf5 11. exf6 Bxd3 12. fxg7 Rg8 13. Bxd3 Rxg7 14. Rhe1 f5 15. Bc4 h5 16. Re6 Qb6 17. Be3 Qb4 18. Bb3 Kd7 19. Na4 Kc7 20. Bb6+ Kd7 21. Bd4 Rag8 22. a3 Qxb3 23. cxb3 {Vallejo Pons,F (2698)-Karjakin,S (2771) Dubai 2014 1-0 (93)}) 9. Be2 Nc6 ({RR} 9... b5 10. f4 Bb7 11. Bf3 Nbd7 12. Kb1 Qc7 13. Rhe1 b4 14. Nd5 Nxd5 15. exd5 Nf6 16. Nc6 Bxc6 17. dxc6 a5 18. f5 a4 19. g4 Ra5 20. Bd2 Rb8 21. g5 Ne8 22. fxg6 hxg6 23. h4 Rc5 24. h5 {Kuipers,S (2453)-Kurt,S (2291) Netherlands NED 2026 1-0 (34)}) 10. Nb3 $6 {[%eval -32,18] [%wdl 5,936,59]} (10. Qe3 $11 {[%eval 4,17] [%wdl 20,966,14]}) 10... Be6 11. Qe3 $146 (11. f4 a5 12. f5 Bd7 13. h4 a4 14. Nd2 a3 15. b3 Ne5 16. Qg3 Rc8 17. h5) ({RR} 11. f4 a5 12. f5 Bd7 13. h4 a4 14. Nd2 a3 15. b3 Ne5 16. Qg3 Rc8 17. h5 Qa5 18. Rh3 Rc5 19. hxg6 fxg6 20. Rdh1 Rfc8 21. Nc4 Nxc4 22. Bxc4+ Rxc4 23. bxc4 Rxc4 24. Qd3 Rxc3 25. Qxc3 Qxc3 {Pinheiro,I (2320)-Della Corte,A (2160) chess.com INT 2023 0-1 (57)}) ({RR} 11. f4 a5 12. f5 Bd7 13. h4 a4 14. Nd2 a3 15. b3 Ne5 16. Qg3 Rc8 17. h5 Qa5 18. Rh3 Rc5 19. hxg6 fxg6 20. Rdh1 Rfc8 21. Nc4 Nxc4 22. Bxc4+ Rxc4 23. bxc4 Rxc4 24. Qd3 Rxc3 25. Qxc3 Qxc3 {Pinheiro,I (2320)-Della Corte,A (2160) chess.com INT 2023 0-1 (57)}) 11... Rc8 12. Kb1 Ne5 13. h3 $2 {[%eval -98,16] [%wdl 0,525,475]} (13. Bxf6 $15 {[%eval -52,18] [%wdl 2,874,124]} Bxf6 14. f4) 13... Rxc3 $1 $17 14. bxc3 (14. Qxc3 Nxe4 15. Qe3 Nxg5 16. f4 Nc6 17. fxg5) 14... Qc7 15. f4 Ned7 16. Rd4 b5 17. g4 $2 {[%eval -171,15] [%wdl 0,28,972]} (17. f5 $17 {[%eval -120,17] [%wdl 0,268,732]} gxf5 (17... Bc4 18. Bxc4 bxc4 19. Nd2 $14) 18. Nd2 (18. exf5 Bxf5 19. Bd3 Bxd3 $11)) 17... Nb6 $1 $19 18. f5 Bc4 19. Bxc4 Nxc4 20. Qe1 $2 {[%eval -221,18] [%wdl 0,1,999]} (20. Qg3 $142 {[%eval -184,18] [%wdl 0,9,991]}) 20... a5 21. Bc1 Nd7 22. h4 Rc8 23. fxg6 hxg6 24. h5 a4 25. hxg6 fxg6 26. e5 (26. Nd2 Na3+ 27. Bxa3 Qxc3 $19) 26... Ncxe5 27. Na1 Qc6 28. Rh3 Nf6 29. g5 Nd5 30. Bd2 Rf8 31. Rdh4 Rf3 32. Kc1 (32. Rxf3 $2 Nxf3 33. Qe6+ Kf8 $19) 32... Qd7 33. Qh1 Qf5 34. Rh8+ Bxh8 35. Rxh8+ Kf7 36. Qh7+ Ke6 37. Qg8+ Qf7 38. Qc8+ Nd7 39. Rh2 {[%eval -880,11] [%wdl 0,0,1000]} (39. Nb3 $142 {[%eval -471,17] [%wdl 0,0,1000]} N5b6 40. Nd4+ Ke5 41. Nc6+ (41. Nxf3+ $2 Qxf3 42. Qg8 Qf1+ 43. Kb2 Nc4+ $19) 41... Kf5 42. Qg8 (42. Nd4+ $2 Kg4 $19) 42... Rf1+ 43. Be1 Rxe1+ 44. Kd2 Qxg8 45. Rxg8) 39... Rf1+ 40. Kb2 N5b6 0-1

[Event "FIDE Candidates 2026"]
[Site "Pegeia, Cyprus"]
[Date "2026.04.15"]
[Round "14.2"]
[White "Praggnanandhaa, R.."]
[Black "Nakamura, Hikaru"]
[Result "1/2-1/2"]
[WhiteElo "2741"]
[BlackElo "2810"]
[Annotator "Crowther,Mark"]
[PlyCount "66"]
[EventDate "2026.??.??"]

{[%evp 0,66,28,25,28,4,10,10,10,10,12,7,33,23,26,22,28,3,-12,-10,-10,-34,61,61,89,-5,66,66,66,78,46,46,86,57,41,25,25,48,111,111,26,95,14,3,47,0,0,0,0,0,-4,0,0,-1,22,11,31,0,0,21,21,21,21,21,21,21,33,33,36]} 1. d4 d5 2. c4 e6 3. Nf3 Nf6 4. Nc3 h6 5. g3 (5. cxd5 exd5 6. Bf4 Bd6 7. Bxd6 Qxd6 8. e3 Bf5 9. Nh4 Bh7 10. Bd3 O-O 11. Bxh7+ Kxh7 12. Qb3 Nbd7 13. O-O Rab8 14. a4 c6 15. a5 g6 16. Nf3 Kg7 17. Qa3 Ne8 18. a6 b5 19. Qxd6 Nxd6 20. Rfc1 Rfc8 21. b3 b4 22. Na4 Rb5 23. Ne1 c5 24. dxc5 Nxc5 25. Nxc5 Rcxc5 26. Rxc5 Rxc5 27. Nd3 Rb5 28. f3 Nc4 29. Kf2 Na5 30. Rc1 Nxb3 31. Rc7 d4 32. Rxa7 Nc5 33. Nxc5 Rxc5 34. exd4 Rc6 {1-0 Abdusattorov,N (2751)-Praggnanandhaa,R (2758) Tata Steel-A 88th Wijk aan Zee 2026 (2)}) 5... Be7 6. Bg2 O-O 7. Ne5 $146 ({RR} 7. O-O c6 8. b3 Nbd7 9. Qc2 b6 10. e4 dxe4 11. Nxe4 Bb7 12. Rd1 Qc8 13. Nc3 Bd6 14. Bb2 Qc7 15. a3 e5 16. b4 exd4 17. Nxd4 Be5 18. Nf5 Rad8 19. f4 Bxc3 20. Qxc3 c5 21. Nxg7 Bxg2 {Braun,A (2579)-Van Foreest,L (2350) Germany 2016 1-0}) ({RR} 7. O-O dxc4 8. Ne5 Nc6 9. Bxc6 bxc6 10. Nxc6 Qe8 11. Nxe7+ Qxe7 12. Qa4 a5 13. Qxc4 Ba6 14. Qc5 Qxc5 15. dxc5 Rfd8 16. Re1 Nd5 17. Nxd5 Rxd5 18. Be3 a4 19. f3 f6 20. Kf2 c6 21. Red1 Bc4 {Sindarov,J (2745)-Nakamura,H (2810) Pegeia CYP 2026 ½-½ (33)}) ({RR} 7. O-O dxc4 8. Ne5 Nc6 9. Nxc6 bxc6 10. Qa4 Rb8 11. Bxc6 Bd7 12. Bxd7 Qxd7 13. Qxc4 Rb4 14. Qd3 Rxd4 15. Qf3 Nd5 16. Be3 Rb4 17. Rfd1 c6 18. Bd4 Qb7 19. Be5 f6 20. Nxd5 exd5 21. Bc3 Re4 {Altman,J (2222)-Kung,T (2169) Oak Brook, IL USA 2026 ½-½ (38)}) ({RR} 7. cxd5 exd5 8. O-O c6 9. Re1 Bb4 10. Bd2 Bf5 11. Qb3 Bxc3 12. Bxc3 Qb6 13. Bb4 Re8 14. Qa3 Qd8 15. Nd2 Nbd7 16. f3 Bg6 17. e4 dxe4 18. fxe4 a5 19. Bd6 Nb6 20. Bc5 Nfd7 21. Bd6 Nf6 {Dora,B (1520)-Jachym,D (1855) Hungary 2015 0-1 (38)}) ({RR} 7. O-O b6 8. Ne5 Bb7 9. Qa4 Qe8 10. Qc2 a6 11. e4 dxe4 12. Nxe4 Nxe4 13. Bxe4 Bxe4 14. Qxe4 Nd7 15. Nc6 Bd6 16. Re1 a5 17. Bd2 Kh8 18. Rac1 Rc8 19. Bc3 Nf6 20. Qf3 Qd7 21. Rcd1 Rfe8 {Bukal,V-Sgorlon,F Caorle 1982 1-0 (35)}) 7... Nc6 {[#]} 8. Nxc6 $146 (8. O-O Nxe5 9. dxe5 Nd7 10. cxd5 Nxe5 11. Qd4 Ng6 12. Rd1 e5 13. Qc4 Bd6 14. e4 a6 15. Qe2 Bc5 16. Be3 Bxe3 17. Qxe3 Qd6 18. Rac1 Bd7 19. a3 Rfd8 20. Nb1 Rac8 21. Nd2 Be8 22. Nc4 Qf6 23. Qa7 Rb8 24. Ne3 Qe7 25. Bh3 Kh8 26. Kg2 Bd7 27. Bf5 Bxf5 28. Nxf5 Qd7 29. Qc5 Rbc8 30. h4 Nf8 31. Qe7 Ng6 32. Qc5 Re8 33. Qb4 Rb8 34. Rc3 c6 35. Rcd3 cxd5 36. Rxd5 Qc6 37. Rd6 Qc2 {½-½ Theodorou,N (2564)-Nogerbek,K (2529) Wch Blitz op Doha 2025 (13)}) 8... bxc6 9. c5 e5 $1 10. dxe5 Ng4 11. Qd4 f6 $1 12. f4 (12. Nxd5 Kh8 13. f4 fxe5 (13... cxd5 14. h3 $15) 14. fxe5 cxd5 $19) 12... Rb8 13. h3 $1 fxe5 14. fxe5 Nf2 15. Rh2 Ne4 16. Nxe4 dxe4 17. Be3 (17. Qxd8 Rxd8 18. b3 Bf5 19. Be3) 17... Bf5 18. O-O-O (18. Bxe4 $2 Qxd4 19. Bxd4 Bxe4 $19) 18... Bg5 $1 $11 19. Qc4+ (19. Bxe4 $2 Qxd4 20. Rxd4 Bxe3+ 21. Kc2 Bxd4 $19) 19... Kh8 20. Rxd8 Bxe3+ 21. Rd2 Rfd8 22. Qc3 Bxd2+ 23. Qxd2 Rxd2 24. Kxd2 Rxb2+ $11 25. Ke3 Kg8 26. Bxe4 Be6 27. Rh1 Kf7 28. h4 Rxa2 (28... Ke7 $5) 29. Rb1 Ra3+ 30. Kd4 Ra4+ 31. Ke3 Ra3+ 32. Kd4 Ra4+ 33. Ke3 Ra3+ 1/2-1/2

[Event "FIDE Candidates 2026"]
[Site "Pegeia, Cyprus"]
[Date "2026.04.15"]
[Round "14.3"]
[White "Bluebaum, Matthias"]
[Black "Giri, Anish"]
[Result "0-1"]
[WhiteElo "2698"]
[BlackElo "2753"]
[Annotator "Crowther,Mark"]
[PlyCount "56"]
[EventDate "2026.??.??"]

{[%evp 0,56,28,25,28,10,10,2,10,11,11,-56,-35,-63,-23,-33,10,28,32,-25,-3,-30,-48,-172,7,8,28,-42,-12,-34,-27,-241,-95,-95,-95,-115,-52,-143,-181,-206,-212,-272,-209,-209,-180,-211,-196,-158,-80,-84,-95,-114,-121,-116,-83,-220,-207,-240,-262]} 1. d4 Nf6 2. c4 e6 3. Nf3 d5 4. Nc3 Bb4 5. Qa4+ Nc6 6. e3 O-O 7. Bd2 dxc4 (7... Re8 8. a3 Bf8 9. Rd1 h6 10. h3 a6 11. Qc2 b6 12. cxd5 exd5 13. Bd3 Bb7 14. O-O Bd6 15. b4 Nb8 16. Qb3 Ne4 17. a4 Nxd2 18. Rxd2 Nc6 19. Nxd5 Nxd4 20. Nxd4 Bxd5 21. Bc4 Bxc4 22. Qxc4 Qh4 23. Rc1 Re4 24. Qc6 Ree8 25. Nf5 Qxb4 26. Rd4 Qa5 27. Nxd6 cxd6 28. Qxd6 b5 29. axb5 axb5 30. Rb1 Red8 31. Qe5 Rxd4 32. exd4 Rd8 33. Qxb5 Qxb5 34. Rxb5 Rxd4 35. Rb8+ Kh7 36. g3 g6 37. Kg2 {½-½ Vidit,S (2720)-Caruana,F (2776) Chess.com Classic Play In Chess.com INT blitz 2025 (8)}) 8. Bxc4 Bd6 9. Ng5 ({RR} 9. Qc2 e5 10. dxe5 Nxe5 11. Nxe5 Bxe5 12. O-O-O Qe7 13. Kb1 Be6 14. Bd3 Rfd8 15. f4 Bxc3 16. Bxc3 Nd5 17. Bd2 h6 18. e4 Nb4 19. Bxb4 Qxb4 20. f5 Bd7 21. e5 Ba4 22. b3 Bc6 23. Rhe1 a5 {Korobov,A (2688)-Radjabov,T (2765) Chess.com INT 2020 ½-½ (38)}) 9... a6 10. Qc2 ({RR} 10. f4 Nb4 11. a3 b5 12. Bxb5 axb5 13. Qxa8 Nc2+ 14. Kf2 Ng4+ 15. Ke2 Nxa1 16. Rxa1 e5 17. dxe5 Bxe5 18. Qe4 g6 19. h3 Bxc3 20. Bxc3 Re8 21. Qd4 Qxd4 22. Bxd4 Nh6 23. Rc1 Nf5 24. Nf3 Re7 {Vantika,A (2375)-Ouellet,M (2331) Samarkand UZB 2025 1-0 (40)}) 10... h6 {[#]} 11. h4 $146 (11. Nge4 Nxe4 12. Nxe4 Be7 13. Rd1 Kh8 14. O-O Qe8 15. f4 Bd7 16. a3 Rd8 17. b4 Nb8 18. Rc1 Bc6 19. Nf2 Bd6 20. e4 f5 21. Be3 Nd7 22. e5 Be7 23. Bxe6 Bxg2 24. Kxg2 Qg6+ 25. Kh1 Qxe6 26. Qxc7 Qd5+ 27. Kg1 g5 28. Qc4 Qf3 29. Nd1 Qg4+ 30. Kh1 gxf4 31. Bxf4 Bg5 32. Ne3 Qh3 33. Qe2 Nb6 34. Rcd1 Rc8 35. e6 Rc3 36. Bxg5 hxg5 37. e7 Re8 38. Nxf5 Qh7 39. Qe5+ Kg8 40. Qe6+ Kh8 {1-0 Mirzoev,A (2565)-Tsatsalashvili,K (2271) Balaguer op 13th 2008 (6)}) ({RR} 11. Nge4 Nxe4 12. Nxe4 Be7 13. Rd1 Kh8 14. O-O Qe8 15. f4 Bd7 16. a3 Rd8 17. b4 Nb8 18. Rc1 Bc6 19. Nf2 Bd6 20. e4 f5 21. Be3 Nd7 22. e5 Be7 23. Bxe6 Bxg2 24. Kxg2 Qg6+ 25. Kh1 Qxe6 {Mirzoev,A (2565)-Tsatsalashvili,K (2271) Balaguer 2008 1-0 (41)}) 11... Re8 (11... Nb4 $5 12. Qb1 b5 $11 (12... hxg5 $2 13. hxg5 Re8 14. gxf6 $18)) 12. a3 $1 b5 13. Ba2 Bb7 $1 14. O-O-O $2 {[%eval -243,17] [%wdl 0,3,997] Really very bad.} b4 $1 $19 15. d5 Nd4 $1 16. exd4 bxc3 17. dxe6 cxd2+ 18. Qxd2 fxe6 19. Nxe6 Qc8 20. Qa5 Bd5 $1 {White could just resign.} 21. Bxd5 Nxd5 22. Nxg7 Kxg7 23. Qxd5 Qe6 24. Qxe6 Rxe6 25. g3 Rf8 26. Rd2 Ref6 27. Rf1 Rf3 28. Kd1 Rxg3 0-1

[Event "FIDE Candidates 2026"]
[Site "Pegeia, Cyprus"]
[Date "2026.04.15"]
[Round "14.4"]
[White "Sindarov, Javokhir"]
[Black "Wei Yi"]
[Result "1/2-1/2"]
[WhiteElo "2745"]
[BlackElo "2754"]
[Annotator "Crowther,Mark"]
[PlyCount "64"]
[EventDate "2026.??.??"]

{[%evp 0,64,28,18,18,18,18,18,22,21,5,9,24,25,25,25,25,10,18,15,25,34,34,33,12,32,15,12,35,27,27,27,29,11,17,17,17,17,13,8,12,12,12,9,9,11,11,13,14,8,11,8,7,7,0,0,0,0,0,0,0,0,0,0,1,0,0]} 1. e4 e5 2. Nf3 Nf6 3. Nc3 Nc6 4. Bb5 Nd4 5. Nxd4 exd4 6. e5 dxc3 7. exf6 Qxf6 8. dxc3 Bc5 9. Qe2+ $1 Qe6 10. O-O Qxe2 11. Bxe2 d5 12. Bf4 (12. c4 Be6 13. cxd5 Bxd5 14. Bb5+ c6 15. Re1+ Kd7 16. Bd3 Rae8 17. Bd2 Rxe1+ 18. Rxe1 Re8 19. Rxe8 Kxe8 20. a4 g6 21. Kf1 Bd6 22. g3 c5 23. b3 Ke7 24. Ke2 b6 25. h4 h5 26. Be3 Ke6 27. Ba6 Be5 28. Kd3 Bg2 29. Ke2 Bd5 30. Kd3 Bg2 31. Ke2 Bd5 32. Kd3 Bg2 {½-½ Liang,A (2719)-Aronian,L (2729) USA-ch Cup Elim Saint Louis rapid 2026 (3.2)}) 12... c6 13. c4 {[#]} ({RR} 13. Rfe1 Be6 14. a4 a5 15. c4 O-O 16. cxd5 Bxd5 17. Bd3 Rfe8 18. Kf1 Bd4 19. c3 Bb6 20. Rxe8+ Rxe8 21. b4 Rd8 22. Be2 Bb3 23. bxa5 Bxa5 24. Rb1 Bxa4 25. Rxb7 Bxc3 26. Bc4 h6 27. Be3 Kh7 {Blohberger,F (2513)-Amin,B (2636) Viernheim GER 2026 ½-½ (60)}) 13... dxc4 $146 (13... Be6 14. cxd5 Bxd5 15. Rfe1 O-O 16. Bd3 Rfe8 17. a4 a5 18. Bd2 b6 19. Rxe8+ Rxe8 20. Re1 Rxe1+ 21. Bxe1 g6 22. Kf1 f5 23. c4 Be6 24. f4 Kf7 25. Ke2 Bd4 26. b4 axb4 27. Bxb4 c5 28. Bd2 Bd7 29. a5 bxa5 30. Bxa5 Bc6 {½-½ Baidetsky,V (2497)-Bluebaum,M (2658) Mitropa Cup Apolda 2024 (2.1)}) ({RR} 13... Be6 14. cxd5 Bxd5 15. Rfe1 O-O 16. Bd3 Rfe8 17. a4 a5 18. Bd2 b6 19. Rxe8+ Rxe8 20. Re1 Rxe1+ 21. Bxe1 g6 22. Kf1 f5 23. c4 Be6 24. f4 Kf7 25. Ke2 Bd4 26. b4 axb4 27. Bxb4 c5 28. Bd2 {Baidetskyi,V (2497)-Bluebaum,M (2658) Apolda GER 2024 ½-½}) ({RR} 13... Be6 14. cxd5 Bxd5 15. Rfe1 O-O 16. Bd3 Rfe8 17. a4 a5 18. Bd2 b6 19. Rxe8+ Rxe8 20. Re1 Rxe1+ 21. Bxe1 g6 22. Kf1 f5 23. c4 Be6 24. f4 Kf7 25. Ke2 Bd4 26. b4 axb4 27. Bxb4 c5 28. Bd2 {Baidetskyi,V (2497)-Bluebaum,M (2658) Apolda GER 2024 ½-½}) ({RR} 13... Be6 14. cxd5 Bxd5 15. Rfe1 O-O 16. Bd3 Rfe8 17. a4 a5 18. Bd2 b6 19. Rxe8+ Rxe8 20. Re1 Rxe1+ 21. Bxe1 g6 22. Kf1 f5 23. c4 Be6 24. f4 Kf7 25. Ke2 Bd4 26. b4 axb4 27. Bxb4 c5 28. Bd2 {Baidetskyi,V (2497)-Bluebaum,M (2658) Apolda GER 2024 ½-½}) 14. Bxc4 O-O 15. Rfe1 Bd7 16. Be3 Bxe3 17. Rxe3 Rfe8 18. Rae1 Rxe3 19. Rxe3 Re8 20. Rxe8+ Bxe8 $11 21. f4 Kf8 22. Kf2 Ke7 23. Ke3 f6 24. c3 Kd6 25. Bd3 h6 26. a3 c5 27. g3 b6 28. Bc2 Bd7 29. Bd3 Be8 30. Bc2 Bd7 31. Bd3 Be8 32. Bc2 Bd7 1/2-1/2